000 003490000a22001450004500
005 20120302060219.0
942 _cBOOK
100 _a Shroff,Vrajlal Parsotamdas
245 _a Srimad Bhagavad gita(Geetartha Dipikaa)
260 _aMumbai:Na.Ma.Tripathi,1958.
300 _a72,792p.
040 _aGUJ
650 _aPuran
650 _aBhagvad Geeta
999 _c350556
_d350553